| 000 | 00960nam a2200241Ia 4500 | ||
|---|---|---|---|
| 001 | 16616 | ||
| 003 | GE_BSU | ||
| 008 | 181216s||||||||xx |||||||||||||| ||und|| | ||
| 040 | _cGE_BSU | ||
| 080 | _a070(479.22)(092) | ||
| 100 | _aმაღრაძე, ელგუჯა | ||
| 245 | _aმეველე (დათა მიქელაძე) | ||
| 245 | _bჟურნალისტი და საზოგადო მოღვაწე | ||
| 245 | _cრედ. ვ.ჯავახაძე. მხ.გ.გორდელაძე | ||
| 260 | _aთბილისი | ||
| 260 | _bსაბჭ. საქართველო | ||
| 260 | _c1953 | ||
| 300 | _a225გვ. ; 17სმ | ||
| 300 | _eბიბლიოგრ. შენიშვნებში | ||
| 653 | _aმეველე (დათა მიქელაძე) | ||
| 653 | _aჟურნალისტი და საზოგადო მოღვაწე | ||
| 942 | _cBK | ||
| 999 |
_c49683 _d49683 |
||